[Event "Yalta Yialos op"]
[Site "Yalta"]
[Date "2022.09.11"]
[Round "8"]
[White "Kryakvin, Andrey"]
[Black "Shapfiullin, Ildar"]
[Result "0-1"]
[WhiteElo "1526"]
[BlackElo "1893"]
[PlyCount "62"]
[EventDate "2022.09.04"]
[EventType "swiss"]
[EventRounds "9"]
[EventCountry "UKR"]
[SourceTitle "CBM 210 Extra"]
[Source "ChessBase"]
[SourceDate "2022.11.30"]
[SourceVersion "1"]
[SourceVersionDate "2022.11.30"]
[SourceQuality "1"]

1. c4 e5 2. Nc3 f5 3. g3 Nf6 4. Bg2 Nc6 5. d3 Bb4 6. Nf3 0-0 7. 0-0 d6 8. Ne1 Be6 9. Nd5 Bxd5 10. cxd5 Ne7 11. Qb3 Bc5 12. Bd2 Ng6 13. Nf3 h6 14. Qc4 b5 15. Qxb5 e4 16. Ne1 Rb8 17. Qa4 Rxb2 18. Bc3 Rxe2 19. d4 Bb6 20. Qc4 Rxe1 21. Rfxe1 Qa8 22. f3 Qxd5 23. Bf1 Ne5 24. fxe4 Qxc4 25. Bxc4+ Nxc4 26. exf5 Nd5 27. Rac1 Nxc3 28. Rxc3 Bxd4+ 29. Kh1 Bxc3 30. Rc1 Rxf5 31. Rxc3 d5 0-1

[Event "Yalta Yialos op"]
[Site "Yalta"]
[Date "2022.09.09"]
[Round "6"]
[White "Lugovskoy, Maxim"]
[Black "Shapfiullin, Ildar"]
[Result "1-0"]
[WhiteElo "2397"]
[BlackElo "1893"]
[PlyCount "61"]
[EventDate "2022.09.04"]
[EventType "swiss"]
[EventRounds "9"]
[EventCountry "UKR"]
[SourceTitle "CBM 210 Extra"]
[Source "ChessBase"]
[SourceDate "2022.11.30"]
[SourceVersion "1"]
[SourceVersionDate "2022.11.30"]
[SourceQuality "1"]

1. d4 Nf6 2. Nc3 d5 3. Bf4 c6 4. e3 Bf5 5. f3 h6 6. g4 Bh7 7. Bd3 g5 8. Bg3 h5 9. Bxh7 Rxh7 10. Qd3 hxg4 11. fxg4 Qd7 12. h3 Na6 13. Nf3 Nb4 14. Qe2 Nxg4 15. a3 Na6 16. Nxg5 Rh5 17. Nxf7 Nf6 18. Ne5 Qf5 19. 0-0-0 Rxh3 20. Rdf1 Qe6 21. Bf4 Rxh1 22. Rxh1 0-0-0 23. Qg2 Nc7 24. Rh8 Nb5 25. Nxb5 cxb5 26. Qd2 Ne4 27. Qa5 Nd6 28. Qxa7 Qf6 29. Rh1 e6 30. Rh7 Bg7 31. Nc6 1-0

[Event "Yalta Yialos op"]
[Site "Yalta"]
[Date "2022.09.05"]
[Round "2"]
[White "Truskavetsky, Alexandr"]
[Black "Shapfiullin, Ildar"]
[Result "1-0"]
[WhiteElo "2370"]
[BlackElo "1893"]
[PlyCount "101"]
[EventDate "2022.09.04"]
[EventType "swiss"]
[EventRounds "9"]
[EventCountry "UKR"]
[SourceTitle "CBM 210 Extra"]
[Source "ChessBase"]
[SourceDate "2022.11.30"]
[SourceVersion "1"]
[SourceVersionDate "2022.11.30"]
[SourceQuality "1"]

1. d4 Nf6 2. c4 e6 3. Nf3 Bb4+ 4. Bd2 c5 5. Bxb4 cxb4 6. e3 0-0 7. Bd3 d6 8. 0-0 Nc6 9. e4 e5 10. d5 Nb8 11. a3 Na6 12. axb4 Nxb4 13. Nc3 Bg4 14. Be2 Nd7 15. Ne1 Bxe2 16. Qxe2 Nc5 17. Nc2 a5 18. Nxb4 axb4 19. Rxa8 Qxa8 20. Nb5 Qa6 21. Qe3 f5 22. exf5 Rxf5 23. Qh3 Rf8 24. b3 h6 25. Nc7 Qb6 26. Ne6 Nxe6 27. dxe6 Qc7 28. Qd3 Qc5 29. Qd5 Qxd5 30. cxd5 Rc8 31. f4 e4 32. Re1 Rc5 33. Rxe4 Kf8 34. Rxb4 b5 35. Rd4 Rc2 36. b4 h5 37. h3 Ke7 38. f5 h4 39. Kf1 Kf6 40. Re4 Ke7 41. Rxh4 Rd2 42. Rg4 Kf8 43. Rf4 Rxd5 44. Ke2 Ke7 45. g4 Re5+ 46. Kf2 d5 47. h4 Kf8 48. h5 Kg8 49. Rd4 Kf8 50. Rd2 Ke7 51. Re2 1-0

[Event "Moscow op-A"]
[Site "Moscow"]
[Date "2015.01.31"]
[Round "1"]
[White "Zude, Erik"]
[Black "Shapfiullin, Ildar"]
[Result "1-0"]
[WhiteElo "2378"]
[BlackElo "2093"]
[PlyCount "71"]
[EventDate "2015.01.31"]
[EventType "swiss"]
[EventRounds "9"]
[EventCountry "RUS"]
[SourceTitle "CBM 164 Extra"]
[Source "ChessBase"]
[SourceDate "2015.03.02"]
[SourceVersion "1"]
[SourceVersionDate "2015.03.02"]
[SourceQuality "1"]

1. d4 Nf6 2. c4 e6 3. Nc3 Bb4 4. e3 c5 5. Bd3 Nc6 6. Nf3 d6 7. 0-0 0-0 8. d5 Bxc3 9. bxc3 Ne7 10. e4 Ng6 11. dxe6 fxe6 12. e5 Nxe5 13. Nxe5 dxe5 14. Bg5 Qc7 15. Qe2 Bd7 16. Rfe1 e4 17. Bc2 Bc6 18. Bxf6 Rxf6 19. Bxe4 Raf8 20. f3 Rh6 21. h3 Rh4 22. Bxc6 Qxc6 23. Qxe6+ Qxe6 24. Rxe6 Rxc4 25. Rd1 Kf7 26. Re3 Kg6 27. Re7 Rf7 28. Rd6+ Rf6 29. Rdd7 Rxc3 30. Rxg7+ Kf5 31. Rxb7 a5 32. Rxh7 Kf4 33. Rbe7 Rc1+ 34. Kh2 c4 35. Rhg7 c3 36. Re4+ 1-0

[Event "Chigorin Memorial 22nd"]
[Site "St Petersburg"]
[Date "2014.10.18"]
[Round "1"]
[White "Shapfiullin, Ildar"]
[Black "Usmanov, Vasily"]
[Result "1/2-1/2"]
[WhiteElo "2050"]
[BlackElo "2427"]
[PlyCount "117"]
[EventDate "2014.10.18"]
[EventType "swiss"]
[EventRounds "9"]
[EventCountry "RUS"]
[SourceTitle "EXT 2015"]
[Source "ChessBase"]
[SourceDate "2014.11.20"]
[SourceVersion "1"]
[SourceVersionDate "2014.11.20"]
[SourceQuality "1"]

1. d4 Nf6 2. Nf3 e6 3. Bg5 h6 4. Bh4 c5 5. e3 b6 6. Nbd2 Be7 7. Bd3 Ba6 8. Bxa6 Nxa6 9. 0-0 0-0 10. c3 d6 11. Qe2 Nc7 12. e4 d5 13. Ne5 g5 14. Nc6 Qd7 15. Nxe7+ Qxe7 16. Bg3 dxe4 17. Bxc7 Qxc7 18. dxc5 Qxc5 19. Nxe4 Nxe4 20. Qxe4 Rad8 21. Rad1 Rd5 22. Rxd5 Qxd5 23. Qxd5 exd5 24. Rd1 Rd8 25. Kf1 Kg7 26. Ke2 Kf6 27. Kd3 Re8 28. Rd2 Re1 29. f3 h5 30. Re2 Rd1+ 31. Rd2 Rh1 32. h3 Ke5 33. Ke3 h4 34. Rd4 Rb1 35. Rd2 a5 36. Kf2 b5 37. a3 f6 38. Re2+ Kd6 39. f4 gxf4 40. Kf3 Rf1+ 41. Kg4 Kc5 42. Kxh4 b4 43. cxb4+ axb4 44. axb4+ Kxb4 45. Kg4 Kc4 46. h4 Kd3 47. Re6 d4 48. h5 Kc2 49. b4 d3 50. Rc6+ Kb3 51. Rd6 Kc3 52. h6 d2 53. b5 Rb1 54. Kxf4 Rxb5 55. g4 Rb6 56. Rxd2 Kxd2 57. Kf5 Ke3 58. h7 Rb8 59. Kxf6 1/2-1/2

[Event "Anapa op"]
[Site "Anapa"]
[Date "2012.09.04"]
[Round "5"]
[White "Penzin, Vladimir"]
[Black "Shapfiullin, Ildar"]
[Result "1-0"]
[WhiteElo "2081"]
[BlackElo "2156"]
[PlyCount "55"]
[EventDate "2012.08.30"]
[EventType "swiss"]
[EventRounds "9"]
[EventCountry "RUS"]
[SourceTitle "CBM 150 Extra"]
[Source "ChessBase"]
[SourceDate "2012.10.19"]
[SourceVersion "1"]
[SourceVersionDate "2012.10.19"]
[SourceQuality "1"]

1. e4 Nf6 2. e5 Nd5 3. d4 d6 4. Nf3 Bg4 5. Be2 e6 6. c4 Nb6 7. Nc3 Be7 8. h3 Bh5 9. exd6 cxd6 10. d5 e5 11. Be3 0-0 12. b3 N8d7 13. Bd3 Bg6 14. g4 Nc5 15. Bxc5 dxc5 16. Qc2 Nd7 17. 0-0-0 Bg5+ 18. Kb1 Qf6 19. Bf5 Bxf5 20. gxf5 Bh6 21. Rdg1 e4 22. Nxe4 Qxf5 23. Nh4 Qe5 24. Ng3 g6 25. Nhf5 Bg7 26. Nxg7 Kxg7 27. f4 Qd4 28. Nf5+ 1-0

[Event "Anapa op-B"]
[Site "Anapa"]
[Date "2010.09.01"]
[Round "1"]
[White "Shapfiullin, Ildar"]
[Black "Alekseeva, Alena"]
[Result "1-0"]
[WhiteElo "2137"]
[BlackElo "2034"]
[PlyCount "65"]
[EventDate "2010.08.31"]
[EventType "swiss"]
[EventRounds "9"]
[EventCountry "RUS"]
[SourceTitle "EXT 2013"]
[Source "ChessBase"]
[SourceDate "2012.11.22"]
[SourceVersion "1"]
[SourceVersionDate "2012.11.22"]
[SourceQuality "1"]

1. d4 Nf6 2. Nf3 e6 3. Bf4 b6 4. Nbd2 Bb7 5. e3 d6 6. Bd3 Nbd7 7. Qe2 e5 8. dxe5 dxe5 9. Bxe5 Nxe5 10. Nxe5 a6 11. 0-0 Be7 12. Rad1 0-0 13. Bc4 Qc8 14. a4 Bd6 15. f4 Qe8 16. Ndf3 Bxf3 17. Nxf3 Qxa4 18. Nd4 Qe8 19. Bxa6 Nd5 20. Rf3 Nb4 21. Bb5 Qc8 22. c3 Na6 23. Bc6 Rb8 24. b4 Rd8 25. Ra1 Nxb4 26. cxb4 Bxb4 27. Qc4 Bc5 28. f5 Rd6 29. f6 Bxd4 30. exd4 Qd8 31. fxg7 Kxg7 32. Rxf7+ Kg6 33. Be4+ 1-0

[Event "Moscow op-B"]
[Site "Moscow"]
[Date "2010.02.07"]
[Round "9.88"]
[White "Shapfiullin, Ildar"]
[Black "Kesidis, Odyseas"]
[Result "0-1"]
[WhiteElo "2163"]
[BlackElo "1984"]
[PlyCount "156"]
[EventDate "2010.01.30"]
[EventType "swiss"]
[EventRounds "9"]
[EventCountry "RUS"]
[SourceTitle "EXT 2023"]
[Source "ChessBase"]
[SourceDate "2022.10.05"]
[SourceVersion "1"]
[SourceVersionDate "2022.10.05"]
[SourceQuality "1"]

1. d4 Nf6 2. c4 g6 3. Nc3 Bg7 4. e4 0-0 5. Be2 d6 6. Nf3 e5 7. d5 a5 8. Bg5 h6 9. Bh4 Na6 10. Nd2 Nc5 11. Qc2 c6 12. Nb3 Nxb3 13. Qxb3 g5 14. Bg3 cxd5 15. cxd5 Nd7 16. Na4 Rb8 17. Bb5 f5 18. f3 fxe4 19. fxe4 Nf6 20. Qe3 Bd7 21. Nc3 Rc8 22. Be2 b5 23. 0-0 b4 24. Nd1 Rc2 25. Bd3 Ng4 26. Rxf8+ Bxf8 27. Qe1 Qb6+ 28. Kh1 Rc8 29. h3 Nf6 30. Bf2 Qb8 31. Qe2 Be7 32. Ne3 Bd8 33. Rf1 Bb6 34. Bg1 Rf8 35. Nc4 Bxg1 36. Kxg1 a4 37. b3 a3 38. Qf2 Bb5 39. Qf5 Kg7 40. Kh2 Bxc4 41. Bxc4 Qc8 42. Qe6 Qxe6 43. dxe6 Nxe4 44. e7 Re8 45. Rf7+ Kg6 46. Rf8 Rxe7 47. Bd3 d5 48. Rb8 Kf6 49. Bxe4 dxe4 50. Rxb4 e3 51. Re4 Rc7 52. Rxe3 Rc2 53. b4 Rxa2 54. Rb3 Kf5 55. b5 Ke4 56. Kg3 Kd4 57. b6 Rb2 58. Rxa3 Rxb6 59. Ra4+ Kd5 60. Kg4 e4 61. g3 Re6 62. Ra1 Kd4 63. Kf5 Re8 64. Kg6 e3 65. Kxh6 e2 66. Re1 Ke3 67. Kxg5 Kf2 68. Rxe2+ Rxe2 69. h4 Kxg3 70. h5 Re5+ 71. Kg6 Kg4 72. h6 Re6+ 73. Kg7 Kg5 74. h7 Re7+ 75. Kg8 Kg6 76. h8N+ Kf6 77. Kf8 Ra7 78. Kg8 Rb7 0-1

[Event "Moscow op-B"]
[Site "Moscow"]
[Date "2009.11.20"]
[Round "1"]
[White "Basencyan, Mark"]
[Black "Shapfiullin, Ildar"]
[Result "1-0"]
[WhiteElo "1848"]
[BlackElo "2175"]
[PlyCount "57"]
[EventDate "2009.01.31"]
[EventType "swiss"]
[EventRounds "9"]
[EventCountry "RUS"]
[SourceTitle "EXT 2012"]
[Source "ChessBase"]
[SourceDate "2011.11.24"]
[SourceVersion "1"]
[SourceVersionDate "2011.11.24"]
[SourceQuality "1"]

1. d4 Nf6 2. c4 e6 3. Nf3 Bb4+ 4. Bd2 a5 5. a3 Bxd2+ 6. Qxd2 0-0 7. Nc3 d5 8. e3 b6 9. Bd3 Bb7 10. cxd5 exd5 11. 0-0 c5 12. Rac1 Ne4 13. Qc2 Qe7 14. Rfe1 Nd7 15. Bb5 Ndf6 16. Na4 cxd4 17. Nxd4 Rac8 18. Qe2 Qd6 19. Rcd1 Nc5 20. Nc3 Qe5 21. f3 Rfd8 22. Rd2 Ne8 23. Red1 Nd6 24. a4 Ne6 25. f4 Qf6 26. Nf3 Qe7 27. Nxd5 Bxd5 28. Rxd5 Nxf4 29. exf4 1-0

[Event "Anapa op"]
[Site "Anapa"]
[Date "2009.09.07"]
[Round "8"]
[White "Barannikov, Vladimir"]
[Black "Shapfiullin, Ildar"]
[Result "1-0"]
[WhiteElo "2023"]
[BlackElo "2178"]
[PlyCount "37"]
[EventDate "2009.08.31"]
[EventType "swiss"]
[EventRounds "9"]
[EventCountry "RUS"]
[SourceTitle "CBM 132 Extra"]
[Source "ChessBase"]
[SourceDate "2009.11.03"]
[SourceVersion "1"]
[SourceVersionDate "2009.11.03"]
[SourceQuality "1"]

1. e4 Nf6 2. Qe2 c5 3. Nf3 Nc6 4. d3 d6 5. g3 Bg4 6. c3 e6 7. Bg2 Be7 8. h3 Bh5 9. Nbd2 d5 10. 0-0 0-0 11. g4 Bg6 12. Nh4 dxe4 13. Nxg6 hxg6 14. dxe4 Ne5 15. Nc4 Nxc4 16. Qxc4 Qc7 17. Re1 Rfd8 18. Bg5 Bd6 19. e5 1-0

[Event "Anapa op"]
[Site "Anapa"]
[Date "2009.09.04"]
[Round "5"]
[White "Shapfiullin, Ildar"]
[Black "Kapkan, Evgeniy"]
[Result "1-0"]
[WhiteElo "2178"]
[BlackElo "1981"]
[PlyCount "51"]
[EventDate "2009.08.31"]
[EventType "swiss"]
[EventRounds "9"]
[EventCountry "RUS"]
[SourceTitle "CBM 132 Extra"]
[Source "ChessBase"]
[SourceDate "2009.11.03"]
[SourceVersion "1"]
[SourceVersionDate "2009.11.03"]
[SourceQuality "1"]

1. d4 d5 2. c4 e6 3. Nf3 Nf6 4. Nc3 Be7 5. Bf4 c6 6. e3 Nh5 7. Be5 Nf6 8. h3 0-0 9. Qc2 Nbd7 10. Bh2 Ne8 11. Bd3 h6 12. b3 Bd6 13. Ne5 Nxe5 14. dxe5 Bb4 15. 0-0 Nc7 16. Ne2 Qe7 17. Kh1 Bd7 18. cxd5 Nxd5 19. e4 Nc7 20. f4 c5 21. f5 exf5 22. exf5 Nd5 23. Rf3 Kh8 24. f6 gxf6 25. exf6 Qe6 26. Qc1 1-0

[Event "Moscow op-B"]
[Site "Moscow"]
[Date "2009.02.08"]
[Round "9"]
[White "Cherny, Oleg"]
[Black "Shapfiullin, Ildar"]
[Result "0-1"]
[WhiteElo "2043"]
[BlackElo "2175"]
[PlyCount "56"]
[EventDate "2009.01.31"]
[EventType "swiss"]
[EventRounds "9"]
[EventCountry "RUS"]
[SourceTitle "EXT 2012"]
[Source "ChessBase"]
[SourceDate "2011.11.24"]
[SourceVersion "1"]
[SourceVersionDate "2011.11.24"]
[SourceQuality "1"]

1. e4 Nf6 2. e5 Nd5 3. d4 d6 4. Nf3 Bg4 5. Be2 e6 6. h3 Bh5 7. 0-0 Be7 8. c4 Nb6 9. Qb3 0-0 10. Rd1 dxe5 11. c5 e4 12. cxb6 axb6 13. g4 exf3 14. Qxf3 Bg6 15. Qxb7 Ra5 16. Nc3 Qd7 17. Bf3 f5 18. d5 e5 19. d6 cxd6 20. Qxd7 Nxd7 21. b4 Ra6 22. Nd5 Bh4 23. Nc7 Ra7 24. Nb5 Ra4 25. Bd5+ Kh8 26. Be6 fxg4 27. Bxd7 Bxf2+ 28. Kf1 Bd4+ 0-1

[Event "RUS-Cup"]
[Site "Bor"]
[Date "2000.??.??"]
[Round "3"]
[White "Shapfiullin, Ildar"]
[Black "Loginov, Anton"]
[Result "0-1"]
[WhiteElo "2131"]
[BlackElo "2356"]
[PlyCount "64"]
[EventDate "2000.06.??"]
[EventType "swiss"]
[EventRounds "9"]
[EventCountry "RUS"]
[SourceTitle "EXT 2001"]
[Source "ChessBase"]
[SourceDate "2000.11.22"]
[SourceVersion "1"]
[SourceVersionDate "2000.11.22"]
[SourceQuality "1"]

1. Nf3 g6 2. g3 Bg7 3. Bg2 e5 4. d3 d5 5. 0-0 Nc6 6. c4 dxc4 7. dxc4 Qxd1 8. Rxd1 e4 9. Ng5 f5 10. Na3 a6 11. f3 h6 12. Nh3 exf3 13. Bxf3 g5 14. Nf2 Nd4 15. Kf1 Ne7 16. Bh5+ Kf8 17. e3 Ndc6 18. Rb1 Be6 19. b4 Ne5 20. Nd3 Nxd3 21. Rxd3 Nc6 22. Be2 Ne5 23. Rd1 Kf7 24. b5 a5 25. Bh5+ Ke7 26. Bb2 g4 27. Rd5 Nxc4 28. Nxc4 Bxd5 29. Bxg7 Bxc4+ 30. Kg1 Rhg8 31. Bxh6 Rh8 32. Bg5+ Ke6 0-1